00973cam a22002651a 4500001001300000003000400013005001700017008004100034010001700075035001900092040005300111043001200164050002200176051001500198070002000213072000900233100004300242245007500285260005800360300003400418490008300452500004900535650003800584830008500622agr41000544 DLC20260227111000.0810223s1941 dcuab f000 0 eng c aagr41000544  a(OCoLC)7146517 aU.S. Dept. of Agr. Lib.cNSbSUdNSbSUdDNALdDLC an-us---00aS21b.A46 no. 448 aS623b.R860 a1bAg84M no.4480 aJ8001 aRule, Glenn K.q(Glenn Kenton),d1893-10aSoil conservation districts in action on the land /cby Glenn K. Rule. aWashington, D.C. :bU.S. Dept. of Agriculture,c1941. a25 p. :bill., maps ;c27 cm.1 aMiscellaneous publication / United States Department of Agriculture ;vno. 448 aContribution from Soil Conservation Service. 0aSoil conservationzUnited States. 0aMiscellaneous publication (United States. Department of Agriculture) ;vno. 448.